İSLAMA BAĞLILIĞIM NEYİ GEREKTİRİR (Kayıt no. 1066418)

MARC ayrıntıları
000 -LEADER
sabit uzunluktaki kontrol alanı 00265nam a2200097Ia 4500
001 - KONTROL NUMARASI
kontrol alanı 1066418
005 - EN SON İŞLEMİN TARİH VE ZAMANI
kontrol alanı 20250827001752.0
008 - SABİT-UZUNLUKTA VERİ ÖĞELERİ--GENEL BİLGİ
sabit uzunluktaki kontrol alanı 250824s9999 xx 000 0 und d
245 #0 - ESER / YAZAR
ESER ADI İSLAMA BAĞLILIĞIM NEYİ GEREKTİRİR
Yazar Adı FETHİ YEKEN
260 ## - YAYIN, DAĞITIM, VB.
YAYIN EVİ ÖZGÜR YAYINLARI
Mevcut
Düşüm durumu Kayıp durumu Hasar Durumu Ödünç verilmez Ana kütüphane Geçerli Kütüphane Edinilen tarih Toplam ödünç verme sayısı Barkod Son görüntüleme tarihi Fiyatın geçerli olmaya başladığı tarih Koha materyal türü
        MAHMUT SAMİ RAMAZANOĞLU A.İ.H.L-2 MAHMUT SAMİ RAMAZANOĞLU A.İ.H.L-2 24.08.2025   10824946 27.08.2025 27.08.2025 Kitaplar
Gemini Bilgi Teknolojileri A.Ş. tarafından düzenlenmiştir.